الطيور الصديقة / (رقم التسجيلة. 41906)

تفاصيل مارك
000 -LEADER
fixed length control field 00599nam a22001937a 4500
005 - DATE AND TIME OF LATEST TRANSACTION
control field 20251108170509.0
008 - FIXED-LENGTH DATA ELEMENTS--GENERAL INFORMATION
fixed length control field 250721s9999 xx 000 0 ara d
082 14 - DEWEY DECIMAL CLASSIFICATION NUMBER
Classification number ط/ق / مغر
100 1# - MAIN ENTRY--PERSONAL NAME
Personal name المغربي، امل
245 10 - TITLE STATEMENT
Title الطيور الصديقة /
264 1# - PRODUCTION, PUBLICATION, DISTRIBUTION, MANUFACTURE, AND COPYRIGHT NOTICE
Place of production, publication, distribution, manufacture بيروت :
Name of producer, publisher, distributor, manufacturer دار الفكر العربي،
Date of production, publication, distribution, manufacture, or copyright notice [199-].
300 ## - PHYSICAL DESCRIPTION
Extent 16ص. : مص
490 0# - SERIES STATEMENT
Series statement عصافير الجنة
Volume/sequential designation 2
650 17 - SUBJECT ADDED ENTRY--TOPICAL TERM
Topical term or geographic name as entry element القصص العربية
653 ## - INDEX TERM--UNCONTROLLED
Uncontrolled term (سنوات 5-0) أطفال ما قبل المدرسة
700 1# - ADDED ENTRY--PERSONAL NAME
Personal name قطب، محمد
Relator term Cart.
942 ## - ADDED ENTRY ELEMENTS (KOHA)
Source of classification or shelving scheme Dewey Decimal Classification
Koha item type كتب
المقتنيات
حالة السحب حالة الفقدان مصدر التصنيف حالة التلف غير قابل للإعارة المكتبة الرئيسية المكتبة الحالية موقع الرف تاريخ التزويد الرقم المتسلسل Total Checkouts رقم الإستدعاء تاريخ آخر ظهور تاريخ الفاتورة نوع المادة (كوها) الباركود
    Dewey Decimal Classification     مكتبة أم المؤمنين للأطفال مكتبة أم المؤمنين للأطفال الأطفال 28/07/2025 418724   ط/ق / مغر 28/07/2025 28/07/2025 كتب 418724
    Dewey Decimal Classification Unchecked   مكتبة أم قصير والمقابلين العامة مكتبة أم قصير والمقابلين العامة الأطفال 06/07/2004 356736   ط/ق / مغر 28/07/2025 06/07/2004 كتب  
    Dewey Decimal Classification Unchecked   مكتبة الاميرة بديعة مكتبة الاميرة بديعة الأطفال 06/07/2004 356729   ط/ق / مغر 28/07/2025 06/07/2004 كتب  
    Dewey Decimal Classification Unchecked   مكتبة البراءة للأطفال مكتبة البراءة للأطفال الأطفال 28/07/2025 356724   ط/ق / مغر 28/07/2025 28/07/2025 كتب  
    Dewey Decimal Classification Unchecked   مكتبة البراءة للأطفال مكتبة البراءة للأطفال الأطفال 28/07/2025 356719   ط/ق / مغر 28/07/2025 28/07/2025 كتب  
    Dewey Decimal Classification     مكتبة البراعم الواعدة مكتبة البراعم الواعدة الأطفال 10/08/2015 1604195   ط/ق / مغر 28/07/2025 10/08/2015 كتب PLD00341143
    Dewey Decimal Classification     مكتبة البراعم الواعدة مكتبة البراعم الواعدة الإعارة 20/06/2018 1653998   ط/ق / مغر 28/07/2025 20/06/2018 كتب PLD00422187
    Dewey Decimal Classification Unchecked   مكتبة حمزة العامة مكتبة حمزة العامة الأطفال 06/07/2004 356730   ط/ق / مغر 28/07/2025 06/07/2004 كتب  
    Dewey Decimal Classification     مكتبة صويلح العامة مكتبة صويلح العامة الأطفال 08/08/2019 356734   ط/ق / مغر 28/07/2025 08/08/2019 كتب PLD00461983
    Dewey Decimal Classification     مكتبة وادي السير العامة مكتبة وادي السير العامة الأطفال 06/07/2004 356726   ط/ق / مغر 28/07/2025 06/07/2004 كتب 356726
Implemented & Customized by: BBB with SCIT (Smart Chains for Information Technology)

Powered by Koha